Hospodárska kríza a regionálne trhy práce (so zameraním na okres Spišská Nová Ves) diplomová práca

Saved in:
Bibliographic Details
Main Author: Garčalová, Ľubomíra
Corporate Author: Národohospodárska fakulta EU. Katedra sociálneho rozvoja a práce
Other Authors: Stanek, Vojtech
Format: Book
Language:Slovak
Published: Bratislava 2010
Tags: Add Tag
No Tags, Be the first to tag this record!

MARC

LEADER 00000nam a2200000 4500
001 0118369
005 20240318122235.3
041 0 |a slo 
044 |a SK 
245 1 0 |a Hospodárska kríza a regionálne trhy práce (so zameraním na okres Spišská Nová Ves)  |b diplomová práca  |c Ľubomíra Garčalová ; škol. Vojtech Stanek 
264 1 |a Bratislava  |c 2010 
300 |a 96 s. 
100 1 |a Garčalová, Ľubomíra 
700 1 |a Stanek, Vojtech 
710 2 |a Národohospodárska fakulta EU. Katedra sociálneho rozvoja a práce